Sports Quiz

Random Sports or Numbers Quiz

NFL Logos Quiz Stats

 Plays Quiz Updated Feb 6, 2017

Also try: NBA Logos
Challenge
Share
Tweet
Score 0/32 Timer 05:00
90 Plays Today
Number Team % Correct
12Green Bay Packers
92.1%
9Dallas Cowboys
91.8%
18Minnesota Vikings
91.2%
5Carolina Panthers
90.9%
19New England Patriots
90.6%
21New York Giants
90.5%
24Philadelphia Eagles
90.2%
20New Orleans Saints
90.2%
17Miami Dolphins
90.2%
22New York Jets
90.1%
14Indianapolis Colts
89.9%
11Baltimore Ravens
89.9%
25Pittsburgh Steelers
89.6%
10Denver Broncos
89.5%
15Atlanta Falcons
89.5%
29Los Angeles Rams
89.1%
Number Team % Correct
11Detroit Lions
89%
27San Francisco 49ers
88.9%
28Seattle Seahawks
88.6%
32Washington Redskins
88.5%
8Arizona Cardinals
88%
23Oakland Raiders
87.8%
24Buffalo Bills
87.8%
31Tennessee Titans
87.8%
26Los Angeles Chargers
87.7%
8Cleveland Browns
87.5%
15Jacksonville Jaguars
86.7%
6Chicago Bears
86.6%
13Houston Texans
86.3%
16Kansas City Chiefs
85.9%
7Cincinnati Bengals
85.8%
30Tampa Bay Buccaneers
80.6%

You're not logged in!

Compare scores with friends on all Sporcle quizzes.
Join for Free
OR
Log In

You Might Also Like...

Show Comments

Extras

Top Quizzes Today


Score Distribution

Your Account Isn't Verified!

In order to create a playlist on Sporcle, you need to verify the email address you used during registration. Go to your Sporcle Settings to finish the process.

Report this User

Report this user for behavior that violates our Community Guidelines.

Details: